[Event "Foxwoods op 09th"]
[Site "Connecticut"]
[Date "2007.04.05"]
[Round "2"]
[White "Lopez, Felix G"]
[Black "Furdzik, Rafal"]
[Result "1/2-1/2"]
[WhiteElo "1915"]
[BlackElo "2268"]
[PlyCount "21"]
[EventDate "2007.04.04"]
[EventType "swiss"]
[EventRounds "9"]
[EventCountry "USA"]
[SourceTitle "CBM 117 Extra"]
[Source "ChessBase"]
[SourceDate "2007.05.09"]
[SourceVersion "1"]
[SourceVersionDate "2007.05.09"]
[SourceQuality "1"]

1. Nf3 Nf6 2. c4 e6 3. g3 d5 4. Bg2 dxc4 5. Na3 Bxa3 6. bxa3 0-0 7. Qc2 a6 8. Ne5 Nbd7 9. Nxc4 Nd5 10. Bb2 c5 11. 0-0 1/2-1/2

[Event "Foxwoods op 09th"]
[Site "Connecticut"]
[Date "2007.04.04"]
[Round "1"]
[White "Furdzik, Rafal"]
[Black "Bercys, Salvijus"]
[Result "0-1"]
[WhiteElo "2268"]
[BlackElo "2425"]
[PlyCount "63"]
[EventDate "2007.04.04"]
[EventType "swiss"]
[EventRounds "9"]
[EventCountry "USA"]
[SourceTitle "CBM 117 Extra"]
[Source "ChessBase"]
[SourceDate "2007.05.09"]
[SourceVersion "1"]
[SourceVersionDate "2007.05.09"]
[SourceQuality "1"]

1. e4 c5 2. Nf3 e6 3. Qe2 Nf6 4. d3 Be7 5. g3 d5 6. Bg2 Nc6 7. 0-0 0-0 8. e5 Nd7 9. c4 Nb6 10. Bf4 a5 11. Nc3 a4 12. Rac1 Nb4 13. a3 Nc6 14. Rfd1 Na5 15. cxd5 Nxd5 16. d4 Nxf4 17. gxf4 Nb3 18. Rc2 cxd4 19. Nb5 Ra5 20. Nfxd4 Qb6 21. Rc3 Bd7 22. Nf5 exf5 23. Rxd7 Rxb5 24. Rxb7 Qxb7 25. Bxb7 Rxb7 26. Qa6 Rfb8 27. Qxa4 g6 28. e6 fxe6 29. Rc6 Kf8 30. Rxe6 Nc5 31. Qc4 Nxe6 32. Qxe6 0-1

[Event "Santo Domingo op"]
[Site "Santo Domingo"]
[Date "2005.11.26"]
[Round "3"]
[White "Mendez, David"]
[Black "Furdzik, Rafal"]
[Result "0-1"]
[WhiteElo "2185"]
[BlackElo "2250"]
[PlyCount "144"]
[EventDate "2005.11.24"]
[EventType "swiss"]
[EventRounds "9"]
[EventCountry "DOM"]
[SourceTitle "CBM 109 Extra"]
[Source "ChessBase"]
[SourceDate "2006.01.03"]
[SourceVersion "2"]
[SourceVersionDate "2006.01.03"]
[SourceQuality "1"]

1. e4 c6 2. d4 d5 3. e5 Bf5 4. Bd3 Bxd3 5. Qxd3 e6 6. Nf3 Qa5+ 7. c3 Qa6 8. Qxa6 Nxa6 9. b4 Nc7 10. Bb2 Ne7 11. Nbd2 h5 12. h4 Nc8 13. Nb3 Nb6 14. Kd2 Na4 15. Kc2 b6 16. Bc1 Nb5 17. Bd2 Na3+ 18. Kd3 c5 19. bxc5 bxc5 20. dxc5 Nxc5+ 21. Nxc5 Bxc5 22. Nd4 Rb8 23. Bc1 Nc4 24. f4 Kd7 25. Nb3 Kc6 26. Bd2 Bb6 27. Rab1 f6 28. Nd4+ Kd7 29. Rhe1 fxe5 30. fxe5 Rhf8 31. Nf3 Bf2 32. Rxb8 Rxb8 33. Re2 Bg3 34. Be1 Bxe1 35. Rxe1 Rb2 36. Re2 Rb1 37. Kc2 Ra1 38. Kd3 a5 39. Nd4 a4 40. Nf3 Rd1+ 41. Kc2 Ra1 42. Kd3 a3 43. Nd4 Rc1 44. Nf3 Rd1+ 45. Kc2 Ra1 46. Kd3 Rb1 47. Kc2 Rb8 48. Kd3 Rf8 49. Re1 Rf4 50. Re2 Rg4 51. Rf2 Re4 52. Re2 Rg4 53. Rf2 Rf4 54. Re2 g6 55. Rf2 Rf8 56. Rf1 Rb8 57. Rf2 Rb1 58. Re2 Ke7 59. Nd2 Nxd2 60. Kxd2 Rh1 61. Kc2 Rxh4 62. Kb3 Re4 63. Rxe4 dxe4 64. Kc4 Kd7 65. Kd4 Kc6 66. g3 g5 67. c4 e3 68. Kxe3 Kc5 69. Kd3 h4 70. gxh4 gxh4 71. Ke3 Kxc4 72. Kf3 Kd4 0-1

[Event "Los Inmortales op"]
[Site "Los Inmortales"]
[Date "2004.11.??"]
[Round "6"]
[White "Furdzik, Rafal"]
[Black "Fandino Reyes, Roquelina"]
[Result "1-0"]
[WhiteElo "2261"]
[BlackElo "2153"]
[PlyCount "119"]
[EventDate "2004.11.22"]
[EventType "swiss"]
[EventRounds "9"]
[EventCountry "DOM"]
[SourceTitle "CBM 103 Extra"]
[Source "ChessBase"]
[SourceDate "2005.01.01"]
[SourceVersion "1"]
[SourceVersionDate "2005.01.01"]
[SourceQuality "1"]

1. e4 e5 2. Nf3 d6 3. d4 exd4 4. Nxd4 Nf6 5. Nc3 Be7 6. Be2 0-0 7. 0-0 c6 8. Be3 a5 9. f4 Na6 10. Bf3 Nc5 11. Nb3 Ncd7 12. Qd4 a4 13. Nxa4 c5 14. Qc4 b5 15. Qxb5 Ba6 16. Qc6 Bxf1 17. Rxf1 Ra7 18. Qb5 Qc7 19. Qc4 Rb7 20. a3 Rbb8 21. Nd2 Rfc8 22. b3 Bf8 23. Qd3 Be7 24. Nc4 Rd8 25. Rd1 Nf8 26. Nc3 Ne6 27. f5 Nd4 28. Bxd4 cxd4 29. Nd5 Nxd5 30. exd5 Bf6 31. a4 Re8 32. a5 Re7 33. Kf2 Rbe8 34. Rb1 h6 35. Rd1 Qc5 36. Kf1 Be5 37. g3 Bf6 38. Kf2 Qb4 39. Qd2 Qc5 40. Qd3 Qb4 41. Qd2 Qc5 42. Kg2 d3 43. cxd3 Bg5 44. b4 Qc7 45. Qf2 Be3 46. Qb2 Qd7 47. b5 Rb8 48. b6 Ree8 49. Be4 Bc5 50. Rb1 Qc8 51. Qb5 Bd4 52. Qc6 Qa6 53. b7 Qa7 54. a6 Bc5 55. Qb5 Rf8 56. Na5 Bf2 57. Nc6 Qe3 58. Rb2 Be1 59. a7 Bd2 60. Bf3 1-0

[Event "Vermont CCA op"]
[Site "Stratton Mountain"]
[Date "2003.06.06"]
[Round "5"]
[White "Paschall, William M"]
[Black "Furdzik, Rafal"]
[Result "1-0"]
[WhiteElo "2429"]
[BlackElo "2240"]
[PlyCount "31"]
[EventDate "2003.06.03"]
[EventType "swiss"]
[EventRounds "10"]
[EventCountry "USA"]
[SourceTitle "CBM 094 Extra"]
[Source "ChessBase"]
[SourceDate "2003.07.09"]
[SourceVersion "2"]
[SourceVersionDate "2003.07.09"]
[SourceQuality "1"]

1. c4 e6 2. Nf3 Nf6 3. Nc3 d5 4. d4 Bb4 5. cxd5 exd5 6. Bg5 h6 7. Bxf6 Qxf6 8. Qb3 Qb6 9. e3 c6 10. Bd3 Be6 11. 0-0 Nd7 12. Na4 Qa5 13. a3 Be7 14. Qxb7 Nb6 15. Nxb6 axb6 16. Ne5 1-0

[Event "New York Masters 45th"]
[Site "New York"]
[Date "2003.02.25"]
[Round "1"]
[White "Furdzik, Rafal"]
[Black "Stripunsky, Alexander"]
[Result "0-1"]
[WhiteElo "2243"]
[BlackElo "2554"]
[PlyCount "88"]
[EventDate "2003.02.25"]
[EventType "swiss (rapid)"]
[EventRounds "4"]
[EventCountry "USA"]
[SourceTitle "EXT 2004"]
[Source "ChessBase"]
[SourceDate "2003.11.25"]
[SourceVersion "1"]
[SourceVersionDate "2003.11.25"]
[SourceQuality "1"]

1. e4 c5 2. Nf3 e6 3. Qe2 Nc6 4. g3 d6 5. Bg2 g6 6. 0-0 Bg7 7. c3 e5 8. d3 Nge7 9. Nh4 0-0 10. f4 exf4 11. gxf4 f5 12. Be3 Kh8 13. Nd2 Be6 14. Ndf3 Bg8 15. Ng5 h6 16. Nh3 Kh7 17. Kh1 Qd7 18. Qc2 Be6 19. Nf2 Rac8 20. Rae1 b5 21. b3 a5 22. Nf3 Nd4 23. Qd2 Nxf3 24. Bxf3 b4 25. Nd1 bxc3 26. Nxc3 d5 27. exd5 Nxd5 28. Nxd5 Bxd5 29. Qxa5 Bxf3+ 30. Rxf3 Qd5 31. Kg2 g5 32. fxg5 f4 33. g6+ Kh8 34. Bg1 Rc6 35. Re4 Rxg6+ 36. Kf1 Qg5 37. Bf2 Qh5 38. Ke2 Rg2 39. Qc7 Bd4 40. Rxd4 cxd4 41. Qc6 Rxh2 42. Kf1 Rh1+ 43. Ke2 Re8+ 44. Kd2 Qa5+ 0-1

[Event "New York Masters 08th"]
[Site "New York"]
[Date "2002.05.07"]
[Round "2"]
[White "Shahade, Gregory P"]
[Black "Furdzik, Rafal"]
[Result "1-0"]
[WhiteElo "2454"]
[BlackElo "2249"]
[PlyCount "41"]
[EventDate "2002.05.07"]
[EventType "swiss (rapid)"]
[EventRounds "4"]
[EventCountry "USA"]
[SourceTitle "EXT 2003"]
[Source "ChessBase"]
[SourceDate "2002.11.25"]
[SourceVersion "1"]
[SourceVersionDate "2002.11.25"]
[SourceQuality "1"]

1. e4 c6 2. d4 d5 3. exd5 cxd5 4. c4 Nf6 5. Nc3 e6 6. Nf3 Bb4 7. cxd5 Nxd5 8. Qc2 Qc7 9. Bd2 Nd7 10. Bd3 Bxc3 11. bxc3 N5f6 12. 0-0 b6 13. Rfe1 Bb7 14. Ne5 Nxe5 15. Rxe5 Rc8 16. c4 Qd6 17. Qb2 Rd8 18. d5 Qc7 19. Bb4 Nd7 20. Rxe6+ fxe6 21. Qxg7 1-0

[Event "Foxwoods op 04th"]
[Site "Connecticut"]
[Date "2002.03.29"]
[Round "3"]
[White "Christiansen, Larry Mark"]
[Black "Furdzik, Rafal"]
[Result "1-0"]
[WhiteElo "2571"]
[BlackElo "2249"]
[PlyCount "57"]
[EventDate "2002.03.28"]
[EventType "swiss"]
[EventRounds "7"]
[EventCountry "USA"]
[SourceTitle "CBM 087 Extra"]
[Source "ChessBase"]
[SourceDate "2002.05.03"]
[SourceVersion "2"]
[SourceVersionDate "2002.08.09"]
[SourceQuality "1"]

1. e4 c6 2. d4 d5 3. Nc3 dxe4 4. Nxe4 Bf5 5. Ng3 Bg6 6. h4 h6 7. Nf3 Nd7 8. h5 Bh7 9. Bd3 Bxd3 10. Qxd3 e6 11. Bf4 Qa5+ 12. Bd2 Qc7 13. 0-0-0 Ngf6 14. Ne4 0-0-0 15. g3 Nxe4 16. Qxe4 Bd6 17. c4 c5 18. Kb1 Kb8 19. Qe2 Ka8 20. Bc3 cxd4 21. Nxd4 a6 22. Nb3 e5 23. Qf3 Nb6 24. Ba5 Bc5 25. Nxc5 Qxc5 26. b4 Qxc4 27. Bxb6 Qxb4+ 28. Qb3 Qe4+ 29. Ka1 1-0

[Event "WICC qual Dubai f 25'+10"]
[Site "FIDE.com"]
[Date "2001.10.15"]
[Round "7"]
[White "Novik, Maxim"]
[Black "Furdzik, Rafal"]
[Result "0-1"]
[WhiteElo "2457"]
[BlackElo "2251"]
[PlyCount "96"]
[EventDate "2001.10.10"]
[EventType "swiss"]
[EventRounds "9"]
[EventCountry "UAE"]
[SourceTitle "EXT 2003"]
[Source "ChessBase"]
[SourceDate "2002.11.25"]
[SourceVersion "1"]
[SourceVersionDate "2002.11.25"]
[SourceQuality "1"]

1. d4 Nf6 2. Bg5 Ne4 3. Bh4 c6 4. Nd2 Qa5 5. c3 Nxd2 6. Qxd2 d5 7. f3 Bf5 8. g4 Bg6 9. Nh3 Nd7 10. Bg3 f6 11. Nf4 Bf7 12. Nd3 Bg6 13. e3 e5 14. h4 Bd6 15. h5 Bf7 16. Bh3 h6 17. a3 Qc7 18. 0-0-0 Nb6 19. Qh2 Nc4 20. Rhe1 Qa5 21. Nb4 c5 22. Nd3 cxd4 23. exd4 Bxa3 24. Qc2 Rc8 25. dxe5 0-0 26. e6 Bxe6 27. Rxe6 Nxb2 28. Kd2 d4 29. Ke2 Nxd1 30. Qxd1 Qd5 31. Re4 dxc3 32. Qc2 Rfe8 33. Bg2 b5 34. Nf4 Rxe4+ 35. fxe4 Qc4+ 36. Ke3 b4 37. e5 b3 38. Qf5 Bc5+ 39. Kf3 Re8 40. Qd7 Rxe5 41. g5 Qe4+ 42. Kg4 Rxg5+ 43. Kh4 Qe3 44. Qd8+ Kh7 45. Qd3+ Qxd3 46. Nxd3 c2 47. Be4+ f5 48. Bd5 b2 0-1

[Event "WICC qual Dubai f 25'+10"]
[Site "FIDE.com"]
[Date "2001.10.13"]
[Round "5"]
[White "Sulypa, Oleksandr"]
[Black "Furdzik, Rafal"]
[Result "1/2-1/2"]
[WhiteElo "2516"]
[BlackElo "2251"]
[PlyCount "67"]
[EventDate "2001.10.10"]
[EventType "swiss"]
[EventRounds "9"]
[EventCountry "UAE"]
[SourceTitle "EXT 2003"]
[Source "ChessBase"]
[SourceDate "2002.11.25"]
[SourceVersion "1"]
[SourceVersionDate "2002.11.25"]
[SourceQuality "1"]

1. d4 Nf6 2. c4 e6 3. Nf3 d5 4. Nc3 Bb4 5. Bg5 h6 6. Bxf6 Qxf6 7. e3 0-0 8. Rc1 dxc4 9. Bxc4 c5 10. 0-0 cxd4 11. Nxd4 Bd7 12. Ne4 Qe7 13. a3 Ba5 14. Qh5 Bb6 15. Rfd1 Rd8 16. Nd6 Be8 17. Nxe8 Rxe8 18. Bb5 Rd8 19. Qf3 a6 20. Ba4 Ra7 21. Qe4 Bxd4 22. Rxd4 b5 23. Bc2 g6 24. h4 Rad7 25. Bb3 Qf6 26. h5 g5 27. Rcd1 Kg7 28. Bc2 Rxd4 29. exd4 Rd6 30. b4 Nc6 31. d5 Rxd5 32. Rxd5 exd5 33. Qxd5 Nd4 34. Bd1 1/2-1/2

[Event "Nassau CC-ch"]
[Site "Nassau"]
[Date "2000.12.04"]
[Round "8"]
[White "Felber, Joseph J"]
[Black "Furdzik, Rafal"]
[Result "0-1"]
[WhiteElo "2003"]
[BlackElo "2208"]
[PlyCount "122"]
[EventDate "2000.10.??"]
[EventType "swiss"]
[EventRounds "10"]
[EventCountry "USA"]
[SourceTitle "EXT 2003"]
[Source "ChessBase"]
[SourceDate "2002.11.25"]
[SourceVersion "1"]
[SourceVersionDate "2002.11.25"]
[SourceQuality "1"]

1. e4 c6 2. d4 d5 3. exd5 cxd5 4. Bd3 Nc6 5. c3 g6 6. Bf4 Bg7 7. Nf3 Nh6 8. 0-0 0-0 9. Re1 Re8 10. Nbd2 f6 11. c4 Nb4 12. Bb1 dxc4 13. Nxc4 Nd5 14. Bd2 Nf7 15. Qb3 e6 16. Bd3 Rb8 17. a4 Bd7 18. Ne3 Bc6 19. Bc4 Qd7 20. Nxd5 Bxd5 21. Bxd5 Qxd5 22. Qxd5 exd5 23. Rac1 Rxe1+ 24. Bxe1 Bf8 25. g3 Bd6 26. Bd2 Kf8 27. Kf1 Ke8 28. Ne1 Nd8 29. Nd3 Ne6 30. Be3 Kd7 31. Ke2 Rc8 32. Rxc8 Kxc8 33. Nc1 Kd7 34. Kd3 Kc6 35. Bd2 b5 36. axb5+ Kxb5 37. Na2 h5 38. Nc3+ Kc6 39. f4 Bc7 40. Be3 Ng7 41. Bf2 h4 42. Be1 hxg3 43. hxg3 Ba5 44. Bf2 Bxc3 45. Kxc3 f5 46. Kd3 Kb5 47. Kc3 a5 48. Kb3 Nh5 49. Be1 Nf6 50. Kc2 a4 51. Kc3 Ka5 52. b4+ Kb5 53. Kb2 Ng4 54. Kc3 Ne3 55. Kd3 Nc4 56. Kc3 Kc6 57. Bf2 Nd6 58. Be1 Nb5+ 59. Kd3 Nc7 60. Bf2 Kb5 61. Kc3 Na6 0-1

[Event "Nassau CC-ch"]
[Site "Nassau"]
[Date "2000.11.06"]
[Round "4"]
[White "Furdzik, Rafal"]
[Black "Shapiro, Daniel E"]
[Result "1-0"]
[WhiteElo "2208"]
[BlackElo "2266"]
[PlyCount "121"]
[EventDate "2000.10.??"]
[EventType "swiss"]
[EventRounds "10"]
[EventCountry "USA"]
[SourceTitle "EXT 2003"]
[Source "ChessBase"]
[SourceDate "2002.11.25"]
[SourceVersion "1"]
[SourceVersionDate "2002.11.25"]
[SourceQuality "1"]

1. e4 c5 2. d3 Nc6 3. g3 g6 4. Bg2 Bg7 5. f4 d6 6. Nh3 e5 7. 0-0 Nge7 8. Nc3 h5 9. Nf2 Be6 10. h3 Qd7 11. Nd5 Bxd5 12. exd5 Nb4 13. c4 Nf5 14. a3 Na6 15. Ne4 exf4 16. Bxf4 Bxb2 17. Nxd6+ Nxd6 18. Qe2+ Qe7 19. Qxb2 0-0-0 20. Rae1 Qf8 21. Bxd6 Rxd6 22. Rxf7 Qxf7 23. Qxh8+ Kc7 24. Rf1 Qe7 25. Rf8 Kb6 26. Qb2+ Kc7 27. Qh8 Kb6 28. Qb2+ Kc7 29. Qf2 Qe5 30. Qf7+ Kb6 31. Re8 Qxg3 32. Re7 Qxd3 33. Rxb7+ Ka5 34. Rb5+ Ka4 35. Qe8 Qd4+ 36. Kh1 Kxa3 37. Qe1 Nb4 38. Ra5+ Kb3 39. Qc1 Nc2 40. Qb1+ Kc3 41. Ra2 Qd2 42. Qb2+ Kd3 43. Bf1+ Ke4 44. Qxc2+ Qxc2 45. Rxc2 a5 46. Re2+ Kf5 47. Kg2 g5 48. Rf2+ Ke5 49. Re2+ Kf5 50. Kg3 Ra6 51. Re3 Rb6 52. Bd3+ Kf6 53. Be2 Kg6 54. Bd3+ Kf6 55. Be2 Kg6 56. Rd3 Rd6 57. Ra3 Ra6 58. Bd1 Ra8 59. Ba4 Kf5 60. Re3 Rg8 61. d6 1-0

[Event "Manhattan CC-ch"]
[Site "New York"]
[Date "2000.11.04"]
[Round "2"]
[White "Yudasin, Leonid"]
[Black "Furdzik, Rafal"]
[Result "1/2-1/2"]
[WhiteElo "2571"]
[BlackElo "2232"]
[PlyCount "60"]
[EventDate "2000.11.03"]
[EventType "swiss"]
[EventRounds "5"]
[EventCountry "USA"]
[SourceTitle "EXT 2001"]
[Source "ChessBase"]
[SourceDate "2000.11.22"]
[SourceVersion "1"]
[SourceVersionDate "2000.11.22"]
[SourceQuality "1"]

1. e4 c6 2. d4 d5 3. e5 Bf5 4. c3 e6 5. Qb3 Qc7 6. Be3 Nd7 7. f4 Ne7 8. Nf3 Bg6 9. Be2 Nf5 10. Bf2 h5 11. g3 Be7 12. 0-0 c5 13. c4 dxc4 14. Qxc4 0-0 15. Rc1 Qb6 16. dxc5 Bxc5 17. Bxc5 Nxc5 18. Qb5 Nb3+ 19. Qxb6 axb6 20. Nc3 Nxc1 21. Rxc1 Rfd8 22. Kf2 Nd4 23. Nxd4 Rxd4 24. Ke3 Rad8 25. Rd1 Rxd1 26. Nxd1 f6 27. exf6 gxf6 28. Nc3 Kf7 29. a3 Ke7 30. h4 Rc8 1/2-1/2

[Event "World op 28th"]
[Site "Philadelphia"]
[Date "2000.07.28"]
[Round "1"]
[White "Furdzik, Rafal"]
[Black "Shabalov, Alexander"]
[Result "0-1"]
[WhiteElo "2188"]
[BlackElo "2592"]
[PlyCount "64"]
[EventDate "2000.06.28"]
[EventType "swiss"]
[EventRounds "9"]
[EventCountry "USA"]
[SourceTitle "EXT 2001"]
[Source "ChessBase"]
[SourceDate "2000.11.22"]
[SourceVersion "1"]
[SourceVersionDate "2000.11.22"]
[SourceQuality "1"]

1. e4 e6 2. Qe2 c5 3. Nf3 Nc6 4. g3 g6 5. Bg2 Bg7 6. 0-0 Nge7 7. d3 0-0 8. Nbd2 d6 9. a4 e5 10. c3 h6 11. Nc4 Be6 12. Nfd2 Qd7 13. f4 exf4 14. gxf4 f5 15. Nf3 Rae8 16. Bd2 Kh7 17. Rae1 Ng8 18. e5 Bxc4 19. dxc4 dxe5 20. Nxe5 Nxe5 21. fxe5 Rxe5 22. Qf2 Rxe1 23. Rxe1 Nf6 24. Bf4 b6 25. a5 g5 26. Be5 Ng4 27. Bxg7 Nxf2 28. Bxf8 Ne4 29. axb6 axb6 30. Rxe4 fxe4 31. Bxe4+ Kh8 32. Bd5 Qd8 0-1

[Event "Foxwoods op 02nd"]
[Site "Connecticut"]
[Date "2000.04.21"]
[Round "2"]
[White "Furdzik, Rafal"]
[Black "Garcia, Gildardo"]
[Result "1-0"]
[WhiteElo "2188"]
[BlackElo "2444"]
[PlyCount "80"]
[EventDate "2000.04.20"]
[EventType "swiss"]
[EventRounds "7"]
[EventCountry "USA"]
[SourceTitle "EXT 2001"]
[Source "ChessBase"]
[SourceDate "2000.11.22"]
[SourceVersion "1"]
[SourceVersionDate "2000.11.22"]
[SourceQuality "1"]

1. e4 c5 2. d3 Nc6 3. Nf3 e6 4. g3 Nge7 5. Bg2 g6 6. 0-0 Bg7 7. c3 d5 8. Qe2 b6 9. Nbd2 Qc7 10. Re1 0-0 11. e5 Bb7 12. Nf1 d4 13. c4 h6 14. h4 Kh8 15. N1h2 Ng8 16. Bf4 Rae8 17. Nd2 Qd7 18. Ne4 Ba8 19. Ng4 Rb8 20. Qd2 Kh7 21. Nef6+ Bxf6 22. Nxf6+ Nxf6 23. exf6 h5 24. Bxb8 Rxb8 25. Be4 Nb4 26. a3 Bxe4 27. Rxe4 Nc6 28. b4 cxb4 29. axb4 b5 30. c5 Qd5 31. Ra6 Rd8 32. Qf4 e5 33. Qg5 Re8 34. Rxc6 Qxc6 35. Rxe5 Re6 36. Rxe6 Qxe6 37. Qf4 Qe1+ 38. Kg2 Qxb4 39. Qd6 g5 40. Qd5 Kg8 1-0

[Event "Oz.com qual blitz"]
[Site "ICC INT"]
[Date "2000.03.05"]
[Round "7"]
[White "Furdzik, Rafal"]
[Black "Langer, Mikhail"]
[Result "1-0"]
[WhiteElo "2188"]
[BlackElo "2259"]
[PlyCount "107"]
[EventDate "2000.03.05"]
[EventType "swiss (blitz)"]
[EventRounds "9"]
[EventCountry "USA"]
[SourceTitle "EXT 2001"]
[Source "ChessBase"]
[SourceDate "2000.11.22"]
[SourceVersion "1"]
[SourceVersionDate "2000.11.22"]
[SourceQuality "1"]

1. e4 c5 2. c3 e6 3. Qe2 Nf6 4. Nf3 d5 5. d3 Be7 6. e5 Nfd7 7. g3 Nc6 8. Bg2 b5 9. 0-0 b4 10. c4 0-0 11. cxd5 exd5 12. e6 Nf6 13. exf7+ Rxf7 14. Ng5 Nd4 15. Qd1 Rf8 16. Be3 Nf5 17. Bf4 Bd6 18. Bxd6 Qxd6 19. Nd2 Nd4 20. Nb3 Bg4 21. f3 Nxb3 22. Qxb3 c4 23. dxc4 Qc5+ 24. Kh1 dxc4 25. Rac1 Bd7 26. Rxc4 Qxg5 27. Rc5+ Nd5 28. Rxd5 Be6 29. Rxg5 Bxb3 30. axb3 Rfc8 31. Rb5 a5 32. f4 Ra7 33. Bd5+ Kf8 34. Bc4 Rd8 35. Re1 g6 36. Kg2 Rd2+ 37. Re2 Rd4 38. Rb8+ Kg7 39. Rg8+ Kh6 40. Rc8 a4 41. bxa4 Rxa4 42. Rc7 Ra1 43. Bg8 g5 44. f5 g4 45. Rxh7+ Kg5 46. Rg7+ Kxf5 47. Rf7+ Kg6 48. Ref2 Rdd1 49. R2f6+ Kg5 50. Rf5+ Kh6 51. Rf1 Rd2+ 52. R7f2 Rxf2+ 53. Kxf2 Ra2 54. Bxa2 1-0

[Event "Oz.com qual blitz"]
[Site "ICC INT"]
[Date "2000.03.05"]
[Round "1"]
[White "Johannessen, Leif Erlend"]
[Black "Furdzik, Rafal"]
[Result "1-0"]
[WhiteElo "2431"]
[BlackElo "2188"]
[PlyCount "75"]
[EventDate "2000.03.05"]
[EventType "swiss (blitz)"]
[EventRounds "9"]
[EventCountry "USA"]
[SourceTitle "EXT 2001"]
[Source "ChessBase"]
[SourceDate "2000.11.22"]
[SourceVersion "1"]
[SourceVersionDate "2000.11.22"]
[SourceQuality "1"]

1. d4 Nf6 2. c4 e6 3. Nf3 d5 4. Nc3 Bb4 5. cxd5 exd5 6. Bg5 Nbd7 7. e3 0-0 8. Bd3 c6 9. 0-0 h6 10. Bh4 Re8 11. h3 g5 12. Bg3 Ne4 13. Bh2 Nxc3 14. bxc3 Bxc3 15. Rc1 Bb2 16. Rb1 Ba3 17. Bc2 Qe7 18. Qd3 Nf6 19. Ne5 Bd6 20. Kh1 Rd8 21. f4 Ne4 22. fxg5 Bxe5 23. Bxe5 hxg5 24. Qd1 f6 25. Bxe4 fxe5 26. Bg6 Be6 27. dxe5 Rf8 28. Qh5 b6 29. Qh6 Rac8 30. Kg1 c5 31. Rf6 Qg7 32. Qxg7+ Kxg7 33. Rxe6 c4 34. Bc2 Rfe8 35. Rg6+ Kh8 36. Rxg5 Re7 37. Rf1 Rce8 38. Rf4 1-0

[Event "World op 27th"]
[Site "Philadelphia"]
[Date "1999.06.30"]
[Round "4"]
[White "Furdzik, Rafal"]
[Black "Paschall, William M"]
[Result "1/2-1/2"]
[WhiteElo "2249"]
[BlackElo "2321"]
[PlyCount "57"]
[EventDate "1999.06.27"]
[EventType "swiss"]
[EventRounds "9"]
[EventCountry "USA"]
[SourceTitle "EXT 2000"]
[Source "ChessBase"]
[SourceDate "1999.11.16"]
[SourceVersion "1"]
[SourceVersionDate "1999.11.16"]
[SourceQuality "1"]

1. e4 c5 2. Nf3 d6 3. c3 Nf6 4. d3 g6 5. g3 Bg7 6. Bg2 0-0 7. 0-0 Nc6 8. a4 Rb8 9. Nbd2 b6 10. Qe2 Ba6 11. Ne1 d5 12. e5 Ne4 13. f4 Nxd2 14. Bxd2 Na5 15. f5 Nb3 16. Rd1 Nxd2 17. Rxd2 Bh6 18. e6 Qd6 19. Rd1 fxe6 20. fxg6 hxg6 21. Nf3 Rf6 22. Ne5 Kg7 23. Ng4 Rf5 24. Nxh6 Kxh6 25. g4 Rff8 26. Rde1 Kg7 27. Rxf8 Rxf8 28. Qxe6 Qxe6 29. Rxe6 1/2-1/2

[Event "Fan Adams Int f-B"]
[Site "New York"]
[Date "1999.06.26"]
[Round "3"]
[White "Furdzik, Rafal"]
[Black "Lapshun, Yury"]
[Result "0-1"]
[WhiteElo "2249"]
[BlackElo "2455"]
[PlyCount "81"]
[EventDate "1999.06.??"]
[EventType "schev"]
[EventRounds "4"]
[EventCountry "USA"]
[EventCategory "4"]
[SourceTitle "EXT 2000"]
[Source "ChessBase"]
[SourceDate "1999.11.16"]
[SourceVersion "1"]
[SourceVersionDate "1999.11.16"]
[SourceQuality "1"]

1. e4 e6 2. Qe2 c5 3. Nf3 Nc6 4. g3 g6 5. Bg2 Bg7 6. d3 Nge7 7. 0-0 0-0 8. c4 d6 9. Nbd2 a6 10. Re1 b5 11. e5 dxe5 12. Nb3 bxc4 13. dxc4 f5 14. Nxc5 e4 15. Ng5 Nd4 16. Qd1 h6 17. Ngxe4 fxe4 18. Nxe4 Rb8 19. Rb1 e5 20. b4 Be6 21. c5 Bxa2 22. Rb2 Bd5 23. Qd3 Qc8 24. f4 Bxe4 25. Bxe4 Ndf5 26. Qc4+ Kh7 27. Ra2 exf4 28. Bxf4 Rb5 29. c6 Rd8 30. c7 Rd4 31. Qf7 Rd7 32. g4 Nd4 33. Re3 Nef5 34. Bxf5 Rxf5 35. Qe8 Rf8 36. Qxc8 Rxc8 37. Rxa6 Rf7 38. Bd6 Nb5 39. Bg3 Bd4 40. Kg2 Bxe3 41. Re6 0-1